| 000 | 01403cam a2200337 i 4500 | ||
|---|---|---|---|
| 999 |
_c1474 _d1474 |
||
| 001 | 19563275 | ||
| 003 | OSt | ||
| 005 | 20221230125913.0 | ||
| 008 | 170320s2017 mnua j b 001 0 eng | ||
| 010 | _a 2016054476 | ||
| 020 | _a9781628324846 (pbk) | ||
| 040 |
_aDLC _beng _cDLC _erda _dDLC _dKH8 |
||
| 042 | _apcc | ||
| 082 | 0 | 0 |
_a599.53 RIG _223 |
| 100 | 1 |
_aRiggs, Kate, _eauthor. |
|
| 245 | 1 | 0 |
_aKiller whales / _cKate Riggs. |
| 250 | _aFirst edition. | ||
| 264 | 1 |
_aMankato, Minnesota : _bCreative Education/Creative Paperbacks, _c[2017] |
|
| 300 |
_a24 pages : _bcolor illustrations ; _c23 cm. |
||
| 336 |
_atext _btxt _2rdacontent |
||
| 337 |
_aunmediated _bn _2rdamedia |
||
| 338 |
_avolume _bnc _2rdacarrier |
||
| 490 | 0 | _aSeedlings | |
| 504 | _aIncludes bibliographical references and index. | ||
| 520 |
_a"A kindergarten-level introduction to killer whales, covering their growth process, behaviors, the oceans they call home, and such defining features as their black and white coloration"-- _cProvided by publisher. |
||
| 650 | 0 |
_aKiller whale _vJuvenile literature. |
|
| 776 | 0 | 8 |
_iOnline version: _aRiggs, Kate, author. _tKiller whales _dMankato, MN : Creative Education, 2017 _z9781566609173 _w(DLC) 2017013860 |
| 906 |
_a7 _bcbc _corignew _d1 _eecip _f20 _gy-gencatlg |
||
| 942 |
_2ddc _cNFIC |
||